| 000 | 01571nam a2200313 i 4500 | ||
|---|---|---|---|
| 003 | DO-SdBNP | ||
| 005 | 20250714133415.0 | ||
| 007 | ta | ||
| 008 | 250714b2025 dr ||||| |||| 00| 0 spa d | ||
| 020 | _a9789945224306 | ||
| 040 |
_aDO-SdBNP _bspa _cBNPHU _erda |
||
| 041 | _aspa | ||
| 082 | 4 |
_axxx _bB142p _222 |
|
| 100 | 1 |
_aBáez Guerrero, José, _d1958- _eautor _4aut. _917125 |
|
| 245 | 1 | 0 |
_aPadre Nuestro / _cJosé Báez Guerrero ; revisión, Patricia Delgado Veras ; diagramación, Alexandra Deschamps ; cuidado de edición, Sotolongo Armstrong. |
| 250 | _aPrimera edición | ||
| 264 | 4 |
_aSanto Domingo, República Dominicana : _bArte Tuto _c©2025. |
|
| 300 |
_a118 páginas : _bilustraciones, mapas ; _c18 cm. |
||
| 336 |
_atexto _btxt _2rdacontent |
||
| 337 |
_asin mediación _bn _2rdamedia |
||
| 338 |
_avolumen _bnc _2rdacarrier |
||
| 505 | _aConfesión,9 -- Antes de comenzar,13 -- Mi iglesia, 21 -- Mi catolicismo,47 -- Orar y rezar,53 -- Oren así,59 -- “Padre nuestro”, 65 -- “que estas en Cielo ”, 71 -- “santificado sea tu Nombre”,77 -- “venga a nosotros tu Reino”, 83 -- “hágase tu voluntad”,87 -- “danos hoy nuestro pan de cada día”,93 -- “perdonas nuestras ofensas“,99 -- “no nos dejes caer en la tentación ”, 105 -- “y líbranos109 del mal”, 109 -- | ||
| 590 | _aInventariado, 2025 /LP | ||
| 700 | 1 |
_aDelgado Veras, Patricia, _erevisión _4re. _988350 |
|
| 700 | 1 |
_aDeschamps, Alexandra, _ediagramador _4di. _91503 |
|
| 700 | 1 |
_aArmstrong, Sotolongo _eeditor _4ed. _973435 |
|
| 910 | _aLP | ||
| 942 |
_2ddc _cLBS1 |
||
| 999 |
_c59530 _d59530 |
||